Scrambled “A” Words - Statistics

General Stats
  • This quiz has been taken 47 times
    18 since last reset
  • The average score is 24 of 36
Answer Stats
Hint Answer % Correct
aswayl always
100%
ianmla animal
100%
aaypth apathy
100%
haiceve achieve
92%
scasro across
92%
adlmon almond
92%
lthghauo although
92%
oudrna around
92%
awear aware
92%
tiliayb ability
85%
aeeptncacc acceptance
85%
gaeycn agency
85%
iespra aspire
85%
tapttme attempt
85%
earagev average
85%
blaeavali available
77%
tianco action
69%
tenmha anthem
69%
rcpahapo approach
69%
iacncuontg accounting
62%
genavtada advantage
62%
siangat against
62%
teamrugn argument
62%
otiantnet attention
62%
ollsbyaetu absolutely
54%
clilaean alliance
46%
ahrento another
46%
oaenny anyone
46%
ipapeetacr appreciate
46%
vatcaiettr attractive
46%
ohartiuyt authority
46%
mrantegee agreement
38%
iaghtnny anything
38%
aefonrtno afternoon
31%
tarfarci aircraft
23%
otaupmissn assumption
8%
No matching quizzes found
Score Distribution
Percent of People with Each Score
Percentile by Number Answered
Your Score History
You have not taken this quiz since the last reset